| 000 | 00623nam a2200217Ia 4500 | ||
|---|---|---|---|
| 005 | 20250508164256.0 | ||
| 008 | 008 250505s9999 xx 000 0 eng d | ||
| 020 | _a978-81-263-1982-4 | ||
| 037 | _aReference | ||
| 040 |
_aFEDL _beng _cFEDL |
||
| 041 |
_aeng _2eng |
||
| 084 |
_a155.4, SAN/RR _qFEDL |
||
| 100 |
_aSantrock John W _9446163 |
||
| 245 | 0 | _aChild development | |
| 250 | _a13 | ||
| 260 |
_aNew Delhi, India _bTata McGraw-Hill Publishing Company _c2013 |
||
| 300 | _axii, 604p. | ||
| 546 | _aReplaced copy by Pratibha Bhatia | ||
| 942 |
_cREF _h155.4, SAN/RR |
||
| 999 |
_c1388104 _d1388104 |
||